| 000 | 00625nam a22002057a 4500 | ||
|---|---|---|---|
| 999 |
_c12181 _d12181 |
||
| 003 | AR-CdUCM | ||
| 008 | 190408b ||||| |||| 00| 0 spa d | ||
| 040 |
_aMUNICIPALIDAD PROVINCIAL DEL CUSCO _cBIBLIOTECA MUNICIPAL DEL CUSCO |
||
| 082 |
_aC / 985.001 / _bC77 |
||
| 100 |
_aCornejo Bouroncle, Jorge _915278 |
||
| 245 | _aLa idolatría en el antiguo Perú / | ||
| 260 |
_aCuzco : _c1941. |
||
| 300 |
_a97 páginas ; _c21 cm. |
||
| 650 |
_aIdolatría. _93582 |
||
| 650 |
_aIdeología. _91109 |
||
| 650 |
_aSociedad andina. _929905 |
||
| 650 |
_aHistoria del Perú. _9259 |
||
| 942 |
_2ddc _cLIBROS |
||
| 945 |
_awfj _d2019-04-08 |
||